000 00861nam a2200265Ia 4500
003 OSt
005 20221005080742.0
006 a|||||r|||| 00| 0
007 ta
008 221004b |||||||| |||| 00| 0 eng d
020 _a9780230226838 (hbk)
_c1295
024 _a95130
037 _b26982, 05/02/2009, Segment Book Distributors
_cTextual
040 _aCRL
_cCRL
_beng
041 _2eng
_aeng
082 _aV1:191(zP), P8
100 _aBooth Ken
245 0 _aSecurity of dilemma
_b Fear, cooperation and trust in world politics
260 _aNew Delhi
_bPalgrave Macmillan India
_c2008
300 _axiv,364p.
_ccm.
650 _aHISTORY
700 _a Wheeler Nicholas J.
_9322647
942 _hV1:191(zP), P8
_cTEXL
_2cc
999 _c986669
_d986669